|
|
|
|
| LEADER |
01555nam a22003854a 4500 |
| 001 |
18253 |
| 003 |
BD-DhAAL |
| 008 |
230613t2003 enk b 001 0 eng d |
| 010 |
|
|
|a 2003046214
|
| 020 |
|
|
|a 9781842773970
|
| 020 |
|
|
|a 1842773976 (pb)
|
| 020 |
|
|
|a 1842773968 (hb)
|
| 040 |
|
|
|a DLC
|c DLC
|d DLC
|d BD-DhAAL
|
| 042 |
|
|
|a pcc
|
| 050 |
0 |
0 |
|a K1960
|b .L388 2003
|
| 082 |
0 |
0 |
|a 344.0316
|
| 245 |
0 |
0 |
|a Law and poverty :
|b the legal system and poverty reduction /
|c edited by Lucy Williams, Asbjørn Kjønstad & Peter Robson.
|
| 260 |
|
|
|a London ;
|a New York :
|b Zed Books,
|c c2003.
|
| 300 |
|
|
|a xi, 303 pages ;
|c 23 cm.
|
| 490 |
|
|
|a CROP international studies in poverty research
|
| 504 |
|
|
|a Includes bibliographical references and index.
|
| 526 |
|
|
|x Syed M. Hashemi
Director, BDI.
Course name and no. N/A
|
| 541 |
|
|
|a The university press
|e 18253
|
| 650 |
|
0 |
|a Public welfare
|x Law and legislation.
|9 54623
|
| 650 |
|
0 |
|a Poverty.
|
| 650 |
|
0 |
|a Poor.
|
| 650 |
|
0 |
|a Law.
|
| 700 |
1 |
|
|a Williams, Lucy A.
|9 54624
|
| 700 |
1 |
|
|a Kjønstad, Asbjørn.
|9 54625
|
| 700 |
1 |
|
|a Robson, Peter,
|d 1947-
|9 54626
|
| 830 |
|
|
|a CROP international studies in poverty research
|9 54627
|
| 852 |
|
|
|a Ayesha Abed Library
|c General Stacks
|
| 942 |
|
|
|2 ddc
|c BK
|
| 999 |
|
|
|c 45872
|d 45872
|
| 952 |
|
|
|0 0
|1 0
|2 ddc
|4 0
|6 344_031600000000000_LAW
|7 0
|9 73793
|a BIGD
|b BIGD
|c GEN
|d 2023-06-13
|e University press
|g 660.00
|l 0
|o 344.0316 LAW
|p 3050018253
|r 2023-06-13
|t 1
|w 2023-06-13
|y BK
|x Transferred from BDI to BIGD. Requisitioned by Syed M. Hashemi Director, BDI. Course name and no. N/A
|